| 000 | 00810cab a2200217 4500 | ||
|---|---|---|---|
| 001 | ABS55183 | ||
| 008 | 090401t1996 xxu||||| |||| 00| 0 eng d | ||
| 035 | _a(Sirsi) u14695 | ||
| 041 | _aeng | ||
| 245 | _aIndependent Housing Ombudsman | ||
| 260 | _c1996 | ||
| 350 | _a0 | ||
| 490 |
_aHA Weekly _v(458) 3 May 1996, 19-22(4) |
||
| 520 | _aGives detailed account of role and responsibilities of the independent housing ombudsman scheme as set out in the 1996 Housing Bill. Covers management and responsibilities, terms of reference, conditions of membership, enquiry services, ombudsman`s decisions and scheme costs. | ||
| 650 | _aHOUSING ASSOCIATIONS | ||
| 650 | _aINDEPENDENT HOUSING OMBUDSMAN SCHEME | ||
| 650 | _aTENANTS OMBUDSMAN SCHEME | ||
| 690 | _aHOUSING | ||
| 942 | _n0 | ||
| 948 | _c04/03/1997 | ||
| 999 |
_c9590 _d9590 |
||